Ứng xử trong gia đình truyền thống người Việt qua tục ngữ, ca dao
Vài nét về sự hình thành ứng xử trong gia đình truyền thống người Việt. Ứng xử vợ chồng trong gia đình truyền thống người Việt qua tục ngữ, ca dao. Ứng xử trong quan hệ cha mẹ - con cái, anh chị - em qua tục ngữ, ca dao.
Saved in:
| Main Author: | |
|---|---|
| Other Authors: | |
| Format: | Book |
| Language: | Vietnamese |
| Published: |
Đại học Đà Nẵng
ĐH Sư phạm
2008
|
| Subjects: | |
| Tags: |
Add Tag
No Tags, Be the first to tag this record!
|
| Institutions: | Mạng thư viện Đại học Đà Nẵng |
|---|
| LEADER | 01534nam a2200361 4500 | ||
|---|---|---|---|
| 001 | 000011588 | ||
| 003 | 7841 | ||
| 005 | 20120207100233.0 | ||
| 008 | 120207s2008 viesd | ||
| 041 | |a vie | ||
| 072 | |a Khóa luận tốt nghiệp | ||
| 082 | |a 398.27 |b CH-L | ||
| 100 | |a Chu, Thị Loan |e Tác giả | ||
| 245 | |a Ứng xử trong gia đình truyền thống người Việt qua tục ngữ, ca dao |c Chu Thị Loan | ||
| 260 | |a Đại học Đà Nẵng |b ĐH Sư phạm |c 2008 | ||
| 300 | |a 70 tr. |c 29 cm | ||
| 500 | |a Khóa luận tốt nghiệp khoa Ngữ văn. Ngành: Cử nhân văn | ||
| 520 | |a Vài nét về sự hình thành ứng xử trong gia đình truyền thống người Việt. Ứng xử vợ chồng trong gia đình truyền thống người Việt qua tục ngữ, ca dao. Ứng xử trong quan hệ cha mẹ - con cái, anh chị - em qua tục ngữ, ca dao. | ||
| 653 | |a Ứng xử | ||
| 653 | |a Gia đình | ||
| 653 | |a Tục ngữ | ||
| 653 | |a Ca dao | ||
| 700 | |a Lê Đức Luận |c T.S |e Hướng dân | ||
| OWN | |a LSP | ||
| AVA | |a UDN50 |b LSP |d 398.27 CH-L |e available |t Error 5001 Not defined in file expand_doc_bib_avail. |f 1 |g 0 |h N |i 0 |k 1 | ||
| 999 | |a From the UDN01 | ||
| AVA | |a UDN50 |b LSP |d 398.27 CH-L |e available |t Error 5001 Not defined in file expand_doc_bib_avail. |f 1 |g 0 |h N |i 0 |k 1 | ||
| TYP | |a Monograph | ||
| TYP | |a Printed language | ||
| 980 | |a Mạng thư viện Đại học Đà Nẵng | ||